The history of the calculus and its conceptual development : (The concepts of the calculus)

Αποθηκεύτηκε σε:
Λεπτομέρειες βιβλιογραφικής εγγραφής
Κύριος συγγραφέας: Boyer, Carl B. (Carl Benjamin), 1906-1976
Μορφή: Βιβλίο
Γλώσσα:English
Δημοσίευση: New York : Dover Publications, c1949, 1959
Σειρά:Dover books on science
Θέματα:
Ετικέτες: Προσθήκη ετικέτας
Δεν υπάρχουν, Καταχωρήστε ετικέτα πρώτοι!

MARC

LEADER 00000cam a2200000 i 4500
001 1/96258
008 081031r19591949 eng d
035 |l 10101270 
040 |a GR-MY-UA  |b gre  |e aacr 
041 0 |a eng 
082 0 |a 515  |2 (22) 
100 1 |a Boyer, Carl B.   |q (Carl Benjamin),   |d 1906-1976. 
245 1 4 |a The history of the calculus and its conceptual development :  |b (The concepts of the calculus) /  |c by Carl B. Boyer ; with a foreword by Richard Courant 
246 3 3 |a The concepts of the calculus 
260 |a New York :   |b Dover Publications,   |c c1949, 1959 
300 |a 346 σ.;  |b εικ.;  |c 21 εκ. 
490 1 |a Dover books on science 
500 |a This new Dover edition first published in 1959 is an unabridged and unabridged and unaltered republication of the work first published in 1949 under the title The Concepts of the Calculus, A Critical and Historical Discussion of the Derivative and the Integral 
650 0 0 |a Mathematics  |x History. 
650 0 0 |a Calculus. 
650 0 0 |a Mathematics  |x Philosophy. 
830 0 |a Dover books on science 
852 |a INST  |b SAMOS  |c MAG  |e 20081031  |h 515 BOY  |p 005300029738  |q 005300029738  |t BK  |y 0 
901 |a BIBL3-2008-3 
909 |a Σ  |b 155244 
970 |a ΣΙΤΖΙΜΗ  |b ΓΙΑΣΕΜΗ  |z 2008/10/31